The chronicles of Enguerrand de Monstrelet, containing an account of the cruel civil wars between the houses of Orleans and Burgundy, of the possession of Paris and Normandy by the English, their expulsion thence, and of other memorable events that happened in the kingdom of France, as well as in other countries ... beginning at the year MCCCC, where that of Sir John Froissart finishes, and ending at the year MCCCCLXVII, and continued by others to the year MDXVI /

সংরক্ষণ করুন:
গ্রন্থ-পঞ্জীর বিবরন
প্রধান লেখক: Monstrelet, Enguerrand de, approximately 1390-1453
বিন্যাস: গ্রন্থ
ভাষা:English
Undetermined
প্রকাশিত: London : G. Routledge, 1884.
বিষয়গুলি:
LEADER 01669cam a2200313 a 4500
001 c000393661
003 CARM
005 20130523073453.0
008 130523s1884 enka b 001 0 eng d
019 1 |a 69793461  |5 LACONCORD2021 
035 |a (OCoLC)237135123  |5 LACONCORD2021 
040 |a JG0  |b eng  |c JG0  |d OCLCQ  |d VCAV 
041 1 |a eng  |h und 
043 |a e------  |a e-fr--- 
050 1 4 |a D113 M76 1884 
100 1 |a Monstrelet, Enguerrand de,  |d approximately 1390-1453 
245 1 4 |a The chronicles of Enguerrand de Monstrelet, containing an account of the cruel civil wars between the houses of Orleans and Burgundy, of the possession of Paris and Normandy by the English, their expulsion thence, and of other memorable events that happened in the kingdom of France, as well as in other countries ... beginning at the year MCCCC, where that of Sir John Froissart finishes, and ending at the year MCCCCLXVII, and continued by others to the year MDXVI /  |c translated by Thomas Johnes. 
260 |a London :  |b G. Routledge,  |c 1884. 
300 |a 2 v. :  |b ill. ;  |c 26 cm. 
504 |a Includes bibliographical references and index. 
650 0 |a Hundred Years' War, 1339-1453. 
651 0 |a Europe  |x History  |y 476-1492  |x Sources. 
651 0 |a France  |x History  |y House of Valois, 1328-1589. 
740 0 |a Chronicles of Enguerrand de Monstrelet ... 
852 8 |b CARM  |p 0589975  |j v.2  |f BK 
852 8 |b SCAN  |h A3:AH05F0  |i C12951  |p 0589975  |f BK 
999 f f |i d6238333-1094-547f-aa45-9ed426f7b1de  |s 1aadeae0-0b7f-5073-b912-fbe2bc9f3af0 
952 f f |p Can circulate  |a CAVAL  |b CAVAL  |c CAVAL  |d CARM 1 Store  |i book  |m 0589975 
952 f f |a CAVAL  |b CAVAL  |c CAVAL  |d Unmapped Location  |e C12951  |f A3:AH05F0  |h Other scheme